000 00527nam a2200193 a 4500
001 1777027204021
003 YourLibrary
005 20260424161209.0
008 260424s2007##################000#0#eng##
020 _a9789067042567
082 0 4 _a344MAS
100 1 _aMasson-Matthee, Mariƫlle D.,
_eauthor.
245 1 0 _aThe Codex Alimentarius Commission and Its Standards :
260 _bT.M.C. Asser Press,
_c2007.
300 _a370 pages
650 0 _aLaw.
942 _cENGLISH
040 _aYourLibrary
_beng
_cYourLibrary
999 _c619903
_d619903